| 000 | 01742nam a2200229Ia 4500 | ||
|---|---|---|---|
| 003 | Ost | ||
| 005 | 20260507075625.0 | ||
| 008 | 260507s9999||||xx |||||||||||||| ||und|| | ||
| 020 | _a9789947780367 | ||
| 040 | _cfsecg | ||
| 041 | _aara | ||
| 082 | _a658.862138 | ||
| 100 |
_aبن البار، موسى _eمؤلف |
||
| 245 | 0 |
_aالتسعير الإلكتروني في ظل تكنولوجيا المعلومات بالمؤسسات الصغيرة والمتوسطة : _bمنظور استراتيجي تسويقي / _c موسى بن البار |
|
| 260 |
_aالجزائر: _bالنشر الجامعي الجديد, _c2020 |
||
| 300 |
_a192 صفحة؛ _bأشكال بيانية،جداول _c24 سم |
||
| 504 | _aمراجع ص.175- 186 | ||
| 520 | _aاستراتيجيات التسعير ، مفهوم السعر وأهميته وعلاقته بعناصر المزيج التسويقي الأخرى وأهداف التسعير بالاضالة لمختلف العوامل الداخلية الخارجية التي تؤثر على قرارات التسعير، والاستراتيجيات التسعيرية المختلفة، كذلك المفاهيم والارتباطات المختلفة لتكنولوجيا المعلومات ، مفهوم مجتمع المعلومات وسماته والعلاقة بين تكنولوجيا المعلومات ونظم المعلومات كذلك تكنولوجيا الاتصال وتعريفها، ومن أجل معرفة معرفة مدى امكانية استخدام تكنولوجيا المعلومات في المؤسسات الصغيرة والمتوسطة | ||
| 653 | _aالتسويق- الكترونيات | ||
| 653 | _aتكنولوجيا المعلومات | ||
| 942 | _cكتاب | ||
| 999 |
_c45167 _d45167 |
||